Central Library and Information Centre
Sibsagar Girls' College, Sivasagar : Assam

DIFFERENTIAL CALCULUS : AN INTRODUCTION TO ANALYSIS (Part--1) (Record no. 19268)

MARC details
000 -LEADER
fixed length control field 00513cam a2200193ua 4500
008 - FIXED-LENGTH DATA ELEMENTS--GENERAL INFORMATION
fixed length control field 130622n II |||gr||||Z||||||eng
040 ## - CATALOGING SOURCE
Original cataloging agency MAIN
041 ## - LANGUAGE CODE
-- English
082 ## - DEWEY DECIMAL CLASSIFICATION NUMBER
Classification number 515.3 GHO
100 ## - MAIN ENTRY--PERSONAL NAME
Personal name GHOSH, RAM KRISHNA.
245 ## - TITLE STATEMENT
Title DIFFERENTIAL CALCULUS : AN INTRODUCTION TO ANALYSIS (Part--1)
250 ## - EDITION STATEMENT
Edition statement REP.
260 ## - PUBLICATION, DISTRIBUTION, ETC.
Place of publication, distribution, etc. LONDON:
Name of publisher, distributor, etc. NEW CENTRAL BOOK AGENCY.,
Date of publication, distribution, etc. 2012.
300 ## - PHYSICAL DESCRIPTION
Extent 374:
Dimensions 24CM.
700 ## - ADDED ENTRY--PERSONAL NAME
Personal name MAITY, KANTISH CHANDRA.
942 ## - ADDED ENTRY ELEMENTS (KOHA)
Koha item type Books
653 ## - INDEX TERM--UNCONTROLLED
Uncontrolled term Differential Calculus
Holdings
Withdrawn status Lost status Damaged status Not for loan Collection code Home library Current library Shelving location Date acquired Full call number Barcode Date last seen Copy number Price effective from Koha item type Public note
        TBMAT Central Library and Information Centre Sibsagar Girls College Central Library and Information Centre Sibsagar Girls College MATHEMATICS BOOK RACK 11.06.2013 515.3 GHO 29556 27.02.2020 1 27.02.2020 Books V


Sibsagar Girl's College © 2020. All rights reserved.
Powered by Koha.
Maintained by Abhijit Borpuzari.